20 random characters by picture - Hunter x Hunter - Statistics

General Stats
  • This quiz has been taken 60 times
  • The average score is 12 of 20
Answer Stats
Picture Answer % Correct
Alluka Zoldyck / Nanika
100%
Feitan Portor
100%
Ging Freecss
100%
Gon Freecss
100%
Hisoka Morow
100%
Illumi Zoldyck
100%
Isaac Netero
100%
Killua Zoldyck
100%
Kurapika
100%
Leorio Paradinight
100%
Menthuthuyoupi
100%
Meruem
100%
Zushi
100%
Knuckle Bine
90%
Tonpa
90%
Chrollo Lucilfer
89%
Colt
88%
Kite
88%
Machi Komacine
88%
Uvogin
88%
Biscuit Krueger
86%
Gyro
80%
Hanzo
80%
Genthru
78%
Mito Freecss
75%
Ponzu
75%
Shizuku Murasaki
73%
Ikalgo
71%
Melody
71%
Razor
71%
Zeno Zoldyck
71%
Neon Nostrade
67%
Shaiapouf
67%
Silva Zoldyck
67%
Tsubone
67%
Neferpitou
63%
Morel Mackernasey
62%
Nobunaga Hazama
60%
Shalnark
58%
Kalluto Zoldyck
57%
Pakunoda
57%
Wing
57%
Komugi
56%
Franklin Bordeau
50%
Leol
50%
Meleoron
50%
Menchi
50%
Palm Siberia
50%
Pariston Hill
50%
Pokkle
50%
Porcupine
50%
Knov
40%
Rabid Dog
40%
Canary
38%
Leech
38%
Milluki Zoldyck
38%
Shoot McMahon
36%
Amane
33%
Cheadle Yorkshire
33%
Cheetu
33%
Reina
33%
Bloster
31%
Welfin
30%
Beans
29%
Dwun
29%
List
27%
Flutter
25%
Gotoh
25%
Ant Queen
17%
Owl
11%
Tsezguerra
10%
Hina
0%
Kikyo Zoldyck
0%
Peggy
0%
Phinks Magcub
0%
Zepile
0%
No matching quizzes found
Score Distribution
Percent of People with Each Score
Percentile by Number Answered
Your Score History
You have not taken this quiz